[Event "Icelandic Open 2019"]
[Site "Akureyri"]
[Date "2019.05.25"]
[Round "1.12"]
[White "Finnsson, Johann Arnar"]
[Black "Gislason, Gudmundur"]
[Result "0-1"]
[WhiteElo "1789"]
[BlackElo "2288"]
[Annotator "ChessBase"]
[PlyCount "62"]
[EventDate "2019.05.25"]
[EventType "swiss"]
[EventCountry "ISL"]
[SourceTitle "playchess.com"]
[Source "ChessBase"]
[SourceQuality "1"]
[TimeControl "40/5400+30:1800+30"]

1. c4 {[%emt 0:00:00]} c5 {[%emt 0:00:00]} 2. g3 {[%emt 0:00:00]} g6 {[%emt 0:00:00]} 3. Bg2 {[%emt 0:00:04]} Bg7 {[%emt 0:00:00]} 4. e4 {[%emt 0:01:54]} Nc6 {[%emt 0:00:06]} 5. Ne2 {[%emt 0:00:11]} Rb8 {[%emt 0:03:00]} 6. Nbc3 {[%emt 0:00:41]} a6 {[%emt 0:00:33]} 7. O-O {[%emt 0:05:30]} b5 {[%emt 0:03:10]} 8. d3 {[%emt 0:00:18]} h5 {[%emt 0:05:30]} 9. h4 {[%emt 0:03:31]} d6 {[%emt 0:01:25]} 10. f4 {[%emt 0:02:28]} Bg4 {[%emt 0:01:25]} 11. Qc2 {[%emt 0:08:03]} Qc8 {[%emt 0:04:31]} 12. f5 {[%emt 0:04:28]} gxf5 {[%emt 0:08:41]} 13. exf5 {[%emt 0:00:34]} Nb4 {[%emt 0:00:22]} 14. Qd2 {[%emt 0:00:28]} Be5 {[%emt 0:02:08]} 15. a3 {[%emt 0:03:15]} Nc6 {[%emt 0:00:07]} 16. Qe1 {[%emt 0:08:45]} Nf6 {[%emt 0:01:19]} 17. cxb5 {[%emt 0:02:44]} axb5 {[%emt 0:00:13]} 18. Bf4 {[%emt 0:00:32]} Rg8 {[%emt 0:03:37]} 19. Bxe5 {[%emt 0:11:47]} dxe5 {[%emt 0:00:48]} 20. Qf2 {[%emt 0:03:56]} Bxe2 {[%emt 0:15:01]} 21. Nxe2 {[%emt 0:01:20]} Na5 {[%emt 0:03:06]} 22. Rac1 {[%emt 0:01:02]} Nb3 {[%emt 0:00:22]} 23. Rc2 {[%emt 0:01:36]} Ng4 {[%emt 0:04:30]} 24. Qf3 {[%emt 0:00:34]} Kf8 {[%emt 0:02:20]} 25. Bh3 {[%emt 0:07:13]} Qd8 {[%emt 0:06:39]} 26. Qe4 {[%emt 0:02:58]} Qd6 {[%emt 0:00:46]} 27. Bxg4 {[%emt 0:02:48]} Rxg4 {[%emt 0:00:17]} 28. Qe3 {[%emt 0:00:04]} Nd4 {[%emt 0:01:29]} 29. Rd2 {[%emt 0:03:49]} e4 {[%emt 0:01:36]} 30. dxe4 {[%emt 0:08:18]} Nxe2+ {[%emt 0:00:18]} 31. Qxe2 {[%emt 0:00:08]} Qxg3+ {[%emt 0:00:13]} 0-1

[Event "Icelandic Open 2019"]
[Site "Akureyri"]
[Date "2019.05.25"]
[Round "1.13"]
[White "Jonsson, Olafur Gisli"]
[Black "Karlsson, Mikael Johann"]
[Result "0-1"]
[WhiteElo "1771"]
[BlackElo "2146"]
[Annotator "NA"]
[PlyCount "68"]
[EventDate "2019.05.25"]
[EventType "swiss"]
[EventCountry "ISL"]
[SourceTitle "playchess.com"]
[Source "ChessBase"]
[SourceQuality "1"]
[TimeControl "40/5400+30:1800+30"]

1. d4 {[%emt 0:00:00]} Nf6 {[%emt 0:00:00]} 2. Nf3 {[%emt 0:00:00]} b6 {[%emt 0:00:48]} 3. c4 {[%emt 0:00:34]} e6 {[%emt 0:00:09]} 4. a3 {[%emt 0:00:38]} Bb7 {[%emt 0:00:10]} 5. Nc3 {[%emt 0:00:12]} d6 {[%emt 0:05:11]} 6. Qc2 {[%emt 0:02:21]} c5 {[%emt 0:07:04]} 7. e3 {[%emt 0:10:35]} Nbd7 {[%emt 0:03:31]} 8. Be2 {[%emt 0:03:18]} Be7 {[%emt 0:02:42]} 9. O-O {[%emt 0:00:18]} O-O {[%emt 0:00:07]} 10. Rd1 {[%emt 0:03:49] E12: Queen's Indian: Unusual White 4th moves, 4 a3, 4 Nc3 Bb7 5 a3 and 4 Nc3 Bb7} cxd4 {[%emt 0:04:16]} 11. Nxd4 {[%emt 0:06:07]} a6 {[%emt 0:00:13]} 12. b3 $146 {[%emt 0:02:16]} ({Predecessor:} 12. Bd2 Rc8 13. Rac1 Rc7 14. b3 Qa8 {1-0 (48) Jacobs,J-Brustkern,J (2250) Germany 1992}) 12... Rc8 {[%emt 0:01:17]} 13. Bb2 {[%emt 0:01:54]} Qc7 {[%emt 0:03:05]} 14. Rac1 {[%emt 0:01:39]} Rfd8 {[%emt 0:03:23]} 15. Bf3 {[%emt 0:07:56]} Bf8 {[%emt 0:07:51]} 16. Ne4 {[%emt 0:07:45]} e5 {[%emt 0:14:21]} 17. Nf5 {[%emt 0:13:46]} Nxe4 {[%emt 0:08:05]} 18. Bxe4 {[%emt 0:01:59]} Bxe4 {[%emt 0:01:44]} 19. Qxe4 {[%emt 0:01:23]} g6 {[%emt 0:00:25]} 20. Qg4 {[%emt 0:05:23]} Nc5 {[%emt 0:01:54]} 21. b4 {[%emt 0:01:59]} Na4 {[%emt 0:03:54]} 22. Ba1 {[%emt 0:00:24]} b5 {[%emt 0:00:59]} 23. c5 {[%emt 0:03:58]} dxc5 {[%emt 0:00:40]} 24. f4 {[%emt 0:01:07]} f6 {[%emt 0:12:24]} 25. fxe5 $11 {[%emt 0:03:00]} fxe5 {[%emt 0:00:49]} 26. Qg5 {[%emt 0:02:38]} Rxd1+ {[%emt 0:03:21]} 27. Rxd1 {[%emt 0:00:07]} Re8 {[%emt 0:01:21]} 28. Rd5 {[%emt 0:05:05]} cxb4 {[%emt 0:03:40]} 29. Rxe5 {[%emt 0:07:34]} Rxe5 {[%emt 0:00:11]} 30. Bxe5 {[%emt 0:00:13]} Qc1+ {[%emt 0:00:07]} 31. Kf2 {[%emt 0:00:39]} Qc2+ {[%emt 0:00:04]} 32. Kg3 {[%emt 0:01:37]} Qxf5 {[%emt 0:00:05]} 33. Qxf5 {[%emt 0:01:14]} gxf5 {[%emt 0:00:03]} 34. axb4 {[%emt 0:00:24]} Kf7 {[%emt 0:00:05]} 0-1

[Event "Icelandic Open 2019"]
[Site "Akureyri"]
[Date "2019.05.25"]
[Round "1.14"]
[White "Thorhallsson, Simon"]
[Black "Halldorsson, Hjorleifur"]
[Result "1-0"]
[WhiteElo "2184"]
[BlackElo "1779"]
[Annotator "ChessBase"]
[PlyCount "55"]
[EventDate "2019.05.25"]
[EventType "swiss"]
[EventCountry "ISL"]
[SourceTitle "playchess.com"]
[Source "ChessBase"]
[SourceQuality "1"]
[TimeControl "40/5400+30:1800+30"]

1. b3 {[%emt 0:00:00]} e5 {[%emt 0:00:21]} 2. Bb2 {[%emt 0:00:00]} Nc6 {[%emt 0:00:43]} 3. e3 {[%emt 0:00:02]} d5 {[%emt 0:01:02]} 4. Bb5 {[%emt 0:00:33]} e4 {[%emt 0:05:34]} 5. d3 {[%emt 0:03:57]} Bf5 {[%emt 0:11:29]} 6. Nc3 {[%emt 0:06:35]} Nf6 {[%emt 0:05:13]} 7. dxe4 {[%emt 0:03:17]} dxe4 {[%emt 0:00:49]} 8. Nge2 {[%emt 0:05:35]} Be7 {[%emt 0:03:24]} 9. h3 {[%emt 0:01:25]} Bd7 {[%emt 0:05:40]} 10. Ng3 {[%emt 0:02:05]} a6 {[%emt 0:00:46]} 11. Be2 {[%emt 0:00:26]} O-O {[%emt 0:06:27]} 12. O-O {[%emt 0:05:41]} Be6 {[%emt 0:08:53]} 13. Ncxe4 {[%emt 0:01:02]} Nxe4 {[%emt 0:00:12]} 14. Nxe4 {[%emt 0:00:11]} Qe8 {[%emt 0:00:52]} 15. c4 {[%emt 0:05:57]} Rd8 {[%emt 0:03:31]} 16. Qc1 {[%emt 0:04:59]} f5 {[%emt 0:01:00]} 17. Ng3 {[%emt 0:00:28]} Bg5 {[%emt 0:01:35]} 18. Nh5 {[%emt 0:01:47]} Bh6 {[%emt 0:02:13]} 19. Bf3 {[%emt 0:02:01]} Rf7 {[%emt 0:05:39]} 20. Rd1 {[%emt 0:02:43]} Rfd7 {[%emt 0:00:30]} 21. Rxd7 {[%emt 0:00:38]} Rxd7 {[%emt 0:00:28]} 22. Nf4 {[%emt 0:00:36]} Bxf4 {[%emt 0:00:35]} 23. exf4 {[%emt 0:00:08]} Nd8 {[%emt 0:04:57]} 24. Qc3 {[%emt 0:00:46]} Qf7 {[%emt 0:00:47]} 25. Re1 {[%emt 0:00:26]} c6 {[%emt 0:00:29]} 26. g3 {[%emt 0:03:03]} Re7 {[%emt 0:05:32]} 27. Qb4 {[%emt 0:04:27]} Qe8 {[%emt 0:02:05]} 28. Bh5 {[%emt 0:02:28]} 1-0

[Event "Icelandic Open 2019"]
[Site "Akureyri"]
[Date "2019.05.25"]
[Round "1.15"]
[White "Ptacnikova, Lenka"]
[Black "Danielsson, Sigurdur"]
[Result "1-0"]
[WhiteElo "2145"]
[BlackElo "1727"]
[Annotator "NA"]
[PlyCount "59"]
[EventDate "2019.05.25"]
[EventType "swiss"]
[EventCountry "ISL"]
[SourceTitle "playchess.com"]
[Source "ChessBase"]
[SourceQuality "1"]
[TimeControl "40/5400+30:1800+30"]

1. c4 {[%emt 0:00:00]} e5 {[%emt 0:00:00]} 2. g3 {[%emt 0:00:00]} c6 {[%emt 0:00:00]} 3. d4 {[%emt 0:00:01]} exd4 {[%emt 0:00:04]} 4. Qxd4 {[%emt 0:00:05]} Nf6 {[%emt 0:00:11]} 5. Nf3 {[%emt 0:06:19]} Bb4+ {[%emt 0:00:28]} 6. Nc3 {[%emt 0:01:36]} Bxc3+ {[%emt 0:01:29]} 7. Qxc3 {[%emt 0:00:18]} d5 {[%emt 0:00:21]} 8. cxd5 {[%emt 0:00:38]} cxd5 {[%emt 0:00:58]} 9. Bg5 {[%emt 0:03:18]} Nc6 {[%emt 0:00:29]} 10. Bg2 {[%emt 0:08:58]} Be6 {[%emt 0:01:28]} 11. Bxf6 {[%emt 0:02:55]} gxf6 {[%emt 0:00:23]} 12. O-O {[%emt 0:01:16]} Rc8 {[%emt 0:00:15]} 13. Rfd1 {[%emt 0:02:53]} Qe7 {[%emt 0:03:09]} 14. Nd4 {[%emt 0:08:06]} h5 {[%emt 0:02:40]} 15. h4 {[%emt 0:05:57]} Ne5 {[%emt 0:02:29]} 16. Qa5 {[%emt 0:00:45]} b6 {[%emt 0:00:24]} 17. Qb5+ {[%emt 0:01:07]} Qd7 {[%emt 0:01:46]} 18. Rac1 {[%emt 0:04:04]} O-O {[%emt 0:04:38]} 19. Qxd7 {[%emt 0:01:04]} Nxd7 {[%emt 0:00:04]} 20. Bf3 {[%emt 0:02:22]} Ne5 {[%emt 0:01:18]} 21. Bxh5 {[%emt 0:00:26]} Rc4 {[%emt 0:00:19]} 22. b3 {[%emt 0:00:48]} Rc5 {[%emt 0:00:23]} 23. f4 {[%emt 0:09:14]} Bg4 {[%emt 0:03:22]} 24. fxe5 {[%emt 0:08:35]} Bxh5 {[%emt 0:00:31]} 25. exf6 {[%emt 0:02:39]} Re8 {[%emt 0:00:28]} 26. Kf2 {[%emt 0:00:58]} Re4 {[%emt 0:00:44]} 27. Rb1 {[%emt 0:05:24]} Bg4 {[%emt 0:01:27]} 28. Rd2 {[%emt 0:00:31]} Rc3 {[%emt 0:00:34]} 29. Rbd1 {[%emt 0:01:13]} Ree3 {[%emt 0:00:20]} 30. Ke1 {[%emt 0:03:15]} 1-0

[Event "Icelandic Open 2019"]
[Site "Akureyri"]
[Date "2019.05.26"]
[Round "2.1"]
[White "Karlsson, Mikael Johann"]
[Black "Sokolov, Ivan"]
[Result "0-1"]
[WhiteElo "2146"]
[BlackElo "2593"]
[Annotator "TA"]
[PlyCount "48"]
[EventDate "2019.05.25"]
[EventType "swiss"]
[EventCountry "ISL"]
[SourceTitle "playchess.com"]
[Source "ChessBase"]
[SourceQuality "1"]

{[%evp 9,48,-24,-3,-23,-25,-24,-25,-22,-10,-63,12,14,3,-22,-10,-22,0,-33,-19,-131,-145,-230,-230,-227,-231,-176,-226,-512,-513,-513,-238,-510,-518,-516,-517,-482,-497,-496,-488,-580,-583]} 1. c4 e5 2. g3 h5 3. Nc3 h4 4. d3 $146 ({Predecessor:} 4. g4 Nc6 5. e3 Bb4 6. Nd5 Nf6 7. a3 Be7 8. Bg2 d6 9. h3 Nxd5 10. cxd5 Nb8 {½-½ (79) Ponkratov,P (2649)-Babujian,L (2487) Qaem Shahr 2019}) 4... hxg3 5. fxg3 Bc5 6. e3 {A20: English Opening: 1...e5} Nf6 7. Bg2 Nc6 8. Nge2 {Black has an edge.} d6 9. Nd5 ({White should try} 9. h3 $11) 9... Bh3 (9... Nxd5 $15 10. cxd5 Ne7) 10. Bxh3 $11 Rxh3 11. Nec3 Nxd5 12. Nxd5 Qd7 $36 {[%mdl 2048] Black is more active.} 13. O-O O-O-O 14. Qf3 {[#]} (14. a3 $11) 14... Rdh8 $1 $17 15. Qxf7 (15. Rf2 $17) 15... Rxh2 $19 {( -> ...Rh1+)} 16. Qxd7+ Kxd7 17. Rf7+ Ke6 18. Rf2 $2 (18. Rxg7 {was the only chance.} e4 19. g4) 18... Rh1+ 19. Kg2 R8h2+ 20. Kf3 {[#]} e4+ $1 {[%mdl 512] Black is clearly winning.} 21. dxe4 Ne5+ {[%mdl 64] Double Attack} 22. Ke2 Rxf2+ 23. Kxf2 Nd3+ {[%mdl 64] Double Attack} 24. Ke2 Rxc1 {Accuracy: White = 28%, Black = 76%.} 0-1

[Event "Icelandic Open 2019"]
[Site "Akureyri"]
[Date "2019.05.26"]
[Round "2.2"]
[White "Hillarp Persson, Tiger"]
[Black "Thorhallsson, Simon"]
[Result "1-0"]
[WhiteElo "2563"]
[BlackElo "2184"]
[Annotator "ChessBase"]
[PlyCount "65"]
[EventDate "2019.05.25"]
[EventType "swiss"]
[EventCountry "ISL"]
[SourceTitle "playchess.com"]
[Source "ChessBase"]
[SourceQuality "1"]
[TimeControl "40/5400+30:1800+30"]

1. c4 {[%emt 0:00:00]} c5 {[%emt 0:00:00]} 2. Nf3 {[%emt 0:02:33]} Nc6 {[%emt 0:02:18]} 3. b3 {[%emt 0:01:58]} d6 {[%emt 0:05:25]} 4. Bb2 {[%emt 0:01:02]} e5 {[%emt 0:00:25]} 5. Nc3 {[%emt 0:01:06]} g6 {[%emt 0:00:30]} 6. g3 {[%emt 0:00:18]} Bg7 {[%emt 0:00:08]} 7. d3 {[%emt 0:00:39]} Nge7 {[%emt 0:00:21]} 8. Bg2 {[%emt 0:00:07]} O-O {[%emt 0:01:01]} 9. O-O {[%emt 0:00:05]} h6 {[%emt 0:01:59]} 10. Nd2 {[%emt 0:01:27]} Be6 {[%emt 0:01:47]} 11. Nd5 {[%emt 0:00:32]} Bxd5 {[%emt 0:03:48]} 12. cxd5 {[%emt 0:00:11]} Nb4 {[%emt 0:00:10]} 13. e4 {[%emt 0:04:05]} Nxd3 {[%emt 0:00:23]} 14. Bc3 {[%emt 0:00:07]} Nb4 {[%emt 0:01:55]} 15. a3 {[%emt 0:00:13]} Na6 {[%emt 0:00:21]} 16. b4 {[%emt 0:00:40]} Qd7 {[%emt 0:20:18]} 17. Qb3 {[%emt 0:03:22]} Rfc8 {[%emt 0:02:45]} 18. Rfc1 {[%emt 0:03:04]} b5 {[%emt 0:04:16]} 19. Qb2 {[%emt 0:04:11]} h5 {[%emt 0:05:45]} 20. f4 {[%emt 0:06:58]} Qb7 {[%emt 0:11:42]} 21. Nf3 {[%emt 0:16:20]} cxb4 {[%emt 0:01:44]} 22. axb4 {[%emt 0:01:39]} Qb6+ {[%emt 0:04:59]} 23. Kh1 {[%emt 0:00:27]} Rxc3 {[%emt 0:00:50]} 24. Rxc3 {[%emt 0:00:07]} exf4 {[%emt 0:00:09]} 25. gxf4 {[%emt 0:00:07]} Bxc3 {[%emt 0:00:36]} 26. Qxc3 {[%emt 0:00:06]} Rc8 {[%emt 0:00:57]} 27. Qf6 {[%emt 0:01:13]} Nxb4 {[%emt 0:02:17]} 28. Ng5 {[%emt 0:04:04]} Rf8 {[%emt 0:00:40]} 29. Qxe7 {[%emt 0:00:28]} a5 {[%emt 0:01:33]} 30. Bh3 {[%emt 0:05:41]} Qe3 {[%emt 0:03:21]} 31. Be6 {[%emt 0:01:47]} Qxf4 {[%emt 0:00:26]} 32. Bxf7+ {[%emt 0:00:20]} Rxf7 {[%emt 0:00:22]} 33. Qe8+ {[%emt 0:00:07]} 1-0

[Event "Icelandic Open 2019"]
[Site "Akureyri"]
[Date "2019.05.26"]
[Round "2.3"]
[White "Bergsson, Stefan"]
[Black "Stefansson, Hannes"]
[Result "0-1"]
[WhiteElo "2124"]
[BlackElo "2561"]
[Annotator "ChessBase"]
[PlyCount "64"]
[EventDate "2019.05.25"]
[EventType "swiss"]
[EventCountry "ISL"]
[SourceTitle "playchess.com"]
[Source "ChessBase"]
[SourceQuality "1"]
[TimeControl "40/5400+30:1800+30"]

1. d4 {[%emt 0:05:02]} Nf6 {[%emt 0:00:08]} 2. Nf3 {[%emt 0:01:25]} b6 {[%emt 0:00:37]} 3. c4 {[%emt 0:01:32]} Bb7 {[%emt 0:00:56]} 4. a3 {[%emt 0:02:46]} e6 {[%emt 0:05:05]} 5. Nc3 {[%emt 0:04:00]} d5 {[%emt 0:00:57]} 6. Bg5 {[%emt 0:00:21]} Be7 {[%emt 0:00:19]} 7. e3 {[%emt 0:01:29]} O-O {[%emt 0:02:05]} 8. Bd3 {[%emt 0:00:58]} dxc4 {[%emt 0:02:33]} 9. Bxc4 {[%emt 0:00:06]} h6 {[%emt 0:05:07]} 10. Bh4 {[%emt 0:02:56]} Nbd7 {[%emt 0:00:55]} 11. Rc1 {[%emt 0:01:07]} c5 {[%emt 0:01:44]} 12. O-O {[%emt 0:00:44]} Ne4 {[%emt 0:04:58]} 13. Bxe7 {[%emt 0:09:44]} Qxe7 {[%emt 0:03:47]} 14. Qe2 {[%emt 0:05:31]} Rad8 {[%emt 0:15:14]} 15. Rfd1 {[%emt 0:01:22]} Nxc3 {[%emt 0:03:51]} 16. Rxc3 {[%emt 0:00:22]} Bxf3 {[%emt 0:03:21]} 17. Qxf3 {[%emt 0:01:29]} cxd4 {[%emt 0:01:11]} 18. exd4 {[%emt 0:06:47]} Nf6 {[%emt 0:00:32]} 19. g3 {[%emt 0:05:57]} Nd5 {[%emt 0:06:34]} 20. Rcc1 {[%emt 0:01:01]} Rd7 {[%emt 0:01:08]} 21. Re1 {[%emt 0:13:28]} Rfd8 {[%emt 0:00:57]} 22. Re5 {[%emt 0:00:54]} Nf6 {[%emt 0:04:00]} 23. Rce1 {[%emt 0:00:14]} Rxd4 {[%emt 0:03:26]} 24. Qb3 {[%emt 0:05:20]} Qc7 {[%emt 0:02:00]} 25. Bf1 {[%emt 0:05:55]} Rd2 {[%emt 0:00:34]} 26. h3 {[%emt 0:00:38]} Qc2 {[%emt 0:00:50]} 27. Qf3 {[%emt 0:02:52]} Qxb2 {[%emt 0:01:04]} 28. g4 {[%emt 0:00:20]} R2d5 {[%emt 0:03:31]} 29. R5e2 {[%emt 0:00:14]} Qd4 {[%emt 0:00:33]} 30. Bg2 {[%emt 0:01:51]} Qa4 {[%emt 0:01:49]} 31. Kh2 {[%emt 0:00:24]} Rd3 {[%emt 0:00:25]} 32. Re3 {[%emt 0:00:03]} Qxa3 {[%emt 0:00:36]} 0-1

[Event "Icelandic Open 2019"]
[Site "Akureyri"]
[Date "2019.05.26"]
[Round "2.4"]
[White "Steingrimsson, Hedinn"]
[Black "Ptacnikova, Lenka"]
[Result "1-0"]
[WhiteElo "2549"]
[BlackElo "2145"]
[Annotator "ChessBase"]
[PlyCount "59"]
[EventDate "2019.05.25"]
[EventType "swiss"]
[EventCountry "ISL"]
[SourceTitle "playchess.com"]
[Source "ChessBase"]
[SourceQuality "1"]
[TimeControl "40/5400+30:1800+30"]

1. Nf3 {[%emt 0:00:00]} Nf6 {[%emt 0:00:00]} 2. c4 {[%emt 0:00:00]} e6 {[%emt 0:00:00]} 3. Nc3 {[%emt 0:00:00]} d5 {[%emt 0:01:48]} 4. d4 {[%emt 0:02:11]} Be7 {[%emt 0:01:11]} 5. Bf4 {[%emt 0:00:04]} O-O {[%emt 0:01:05]} 6. e3 {[%emt 0:00:09]} c5 {[%emt 0:04:31]} 7. dxc5 {[%emt 0:00:10]} Bxc5 {[%emt 0:01:13]} 8. a3 {[%emt 0:01:57]} Nc6 {[%emt 0:04:20]} 9. Qc2 {[%emt 0:01:59]} dxc4 {[%emt 0:05:17]} 10. Bxc4 {[%emt 0:01:01]} Bd7 {[%emt 0:02:21]} 11. Rd1 {[%emt 0:08:02]} Rc8 {[%emt 0:00:35]} 12. Ba2 {[%emt 0:02:16]} Be7 {[%emt 0:14:20]} 13. h3 {[%emt 0:23:54]} Qa5 {[%emt 0:04:59]} 14. e4 {[%emt 0:04:24]} Nb4 {[%emt 0:13:10]} 15. axb4 {[%emt 0:07:24]} Qxa2 {[%emt 0:01:54]} 16. O-O {[%emt 0:00:05]} Qa6 {[%emt 0:04:35]} 17. Bg5 {[%emt 0:06:13]} Bb5 {[%emt 0:09:12]} 18. e5 {[%emt 0:10:22]} Bxf1 {[%emt 0:01:42]} 19. exf6 {[%emt 0:00:02]} gxf6 {[%emt 0:00:26]} 20. Bh6 {[%emt 0:00:02]} Bb5 {[%emt 0:05:58]} 21. Qe4 {[%emt 0:05:09]} Kh8 {[%emt 0:00:45]} 22. Qh4 {[%emt 0:04:06]} Rg8 {[%emt 0:11:24]} 23. Ne5 {[%emt 0:00:55]} Rcf8 {[%emt 0:02:26]} 24. Ne4 {[%emt 0:11:54]} Qa4 {[%emt 0:01:37]} 25. Rd4 {[%emt 0:00:58]} Qa1+ {[%emt 0:05:15]} 26. Kh2 {[%emt 0:00:01]} Qe1 {[%emt 0:02:03]} 27. Bxf8 {[%emt 0:03:28]} Rxf8 {[%emt 0:00:03]} 28. Ng4 {[%emt 0:00:10]} Rg8 {[%emt 0:01:18]} 29. Ngxf6 {[%emt 0:00:22]} Rg7 {[%emt 0:00:12]} 30. Qf4 {[%emt 0:00:23]} 1-0

[Event "Icelandic Open 2019"]
[Site "Akureyri"]
[Date "2019.05.26"]
[Round "2.5"]
[White "Kristjansson, Olafur"]
[Black "Kjartansson, Gudmundur"]
[Result "1-0"]
[WhiteElo "2069"]
[BlackElo "2454"]
[Annotator "ChessBase"]
[PlyCount "106"]
[EventDate "2019.05.25"]
[EventType "swiss"]
[EventCountry "ISL"]
[SourceTitle "playchess.com"]
[Source "ChessBase"]
[SourceQuality "1"]
[TimeControl "40/5400+30:1800+30"]

1. e4 {[%emt 0:00:05]} e6 {[%emt 0:00:00]} 2. d4 {[%emt 0:00:12]} d5 {[%emt 0:00:01]} 3. Nd2 {[%emt 0:00:04]} Be7 {[%emt 0:01:12]} 4. Bd3 {[%emt 0:01:19]} c5 {[%emt 0:01:02]} 5. dxc5 {[%emt 0:04:25]} Nf6 {[%emt 0:01:03]} 6. exd5 {[%emt 0:01:47]} Qxd5 {[%emt 0:01:28]} 7. Ngf3 {[%emt 0:00:42]} Qxc5 {[%emt 0:00:40]} 8. O-O {[%emt 0:00:55]} O-O {[%emt 0:00:05]} 9. Qe2 {[%emt 0:03:00]} Nbd7 {[%emt 0:03:02]} 10. Re1 {[%emt 0:01:15]} b6 {[%emt 0:01:13]} 11. Ne4 {[%emt 0:00:26]} Qc7 {[%emt 0:00:22]} 12. Bd2 {[%emt 0:09:32]} Bb7 {[%emt 0:01:25]} 13. c4 {[%emt 0:08:06]} Bxe4 {[%emt 0:17:36]} 14. Bxe4 {[%emt 0:00:11]} Nxe4 {[%emt 0:00:07]} 15. Qxe4 {[%emt 0:00:20]} Nc5 {[%emt 0:01:30]} 16. Bf4 {[%emt 0:07:47]} Nxe4 {[%emt 0:14:40]} 17. Bxc7 {[%emt 0:00:09]} f5 {[%emt 0:01:08]} 18. Be5 {[%emt 0:08:42]} Rfd8 {[%emt 0:05:55]} 19. Red1 {[%emt 0:05:34]} Rac8 {[%emt 0:03:29]} 20. b3 {[%emt 0:00:13]} Bc5 {[%emt 0:16:25]} 21. Bd4 {[%emt 0:00:49]} Bxd4 {[%emt 0:00:51]} 22. Nxd4 {[%emt 0:19:38]} Nc3 {[%emt 0:03:08]} 23. Rdc1 {[%emt 0:00:08]} Rxd4 {[%emt 0:00:13]} 24. Rxc3 {[%emt 0:00:05]} Kf7 {[%emt 0:00:47]} 25. Rac1 {[%emt 0:00:28]} Kf6 {[%emt 0:01:27]} 26. Kf1 {[%emt 0:00:08]} e5 {[%emt 0:03:28]} 27. Ke2 {[%emt 0:01:15]} Rcd8 {[%emt 0:00:27]} 28. R3c2 {[%emt 0:00:13]} f4 {[%emt 0:03:50]} 29. Rb1 {[%emt 0:00:32]} e4 {[%emt 0:08:45]} 30. Rbb2 {[%emt 0:01:34]} Rd3 {[%emt 0:02:41]} 31. Rd2 {[%emt 0:02:07]} Rxd2+ {[%emt 0:02:43]} 32. Rxd2 {[%emt 0:00:08]} Rxd2+ {[%emt 0:00:05]} 33. Kxd2 {[%emt 0:00:08]} Ke5 {[%emt 0:01:08]} 34. Kc3 {[%emt 0:00:05]} g5 {[%emt 0:01:35]} 35. b4 {[%emt 0:00:49]} h5 {[%emt 0:01:41]} 36. c5 {[%emt 0:02:39]} bxc5 {[%emt 0:00:03]} 37. bxc5 {[%emt 0:00:05]} h4 {[%emt 0:00:32]} 38. c6 {[%emt 0:01:00]} Kd6 {[%emt 0:00:04]} 39. Kd4 {[%emt 0:00:22]} e3 {[%emt 0:01:30]} 40. fxe3 {[%emt 0:00:00]} fxe3 {[%emt 0:00:00]} 41. Kxe3 {[%emt 0:01:39]} Kxc6 {[%emt 0:01:51]} 42. Kf3 {[%emt 0:00:27]} h3 {[%emt 0:04:59]} 43. gxh3 {[%emt 0:00:12]} Kd5 {[%emt 0:01:02]} 44. Kg4 {[%emt 0:00:10]} Ke6 {[%emt 0:00:04]} 45. Kxg5 {[%emt 0:00:17]} Kf7 {[%emt 0:00:03]} 46. Kf5 {[%emt 0:00:41]} Kg7 {[%emt 0:00:03]} 47. Ke5 {[%emt 0:00:22]} Kg6 {[%emt 0:00:02]} 48. Kd5 {[%emt 0:00:09]} Kg5 {[%emt 0:00:05]} 49. Kc5 {[%emt 0:00:11]} Kh4 {[%emt 0:00:02]} 50. Kb5 {[%emt 0:00:19]} Kxh3 {[%emt 0:00:03]} 51. Ka6 {[%emt 0:00:11]} Kxh2 {[%emt 0:00:06]} 52. Kxa7 {[%emt 0:00:08]} Kg3 {[%emt 0:00:02]} 53. Kb7 {[%emt 0:00:22]} Kf3 {[%emt 0:00:09]} 1-0